Catálogo
 En Linea

Advanced office systems / (Registro nro. 40781)

Detalles MARC
000 -CABECERA
campo de control de longitud fija 00614nam a2200193 a 4500
001 - NÚMERO DE CONTROL
campo de control 000041291
005 - FECHA Y HORA DE LA ÚLTIMA TRANSACCIÓN
campo de control 20201002034748.0
008 - DATOS DE LONGITUD FIJA--INFORMACIÓN GENERAL
campo de control de longitud fija 130930s1986 miua 001 0 spa d
020 ## - NÚMERO INTERNACIONAL ESTÁNDAR DEL LIBRO
Número Internacional Estándar del Libro 0538108908
040 ## - FUENTE DE LA CATALOGACIÓN
Centro catalogador/agencia de origen DO-SdBNP
Lengua de catalogación Spa
Centro/agencia transcriptor BNPHU
082 ## - NÚMERO DE LA CLASIFICACIÓN DECIMAL DEWEY
Número de clasificación nnn
Número de documento/Ítem nnn
100 1# - ENTRADA PRINCIPAL--NOMBRE DE PERSONA
Nombre de persona Smith, Allen N.
9 (RLIN) 67908
100 1# - ENTRADA PRINCIPAL--NOMBRE DE PERSONA
Nombre de persona Medley, Donald B.
9 (RLIN) 67909
245 10 - MENCIÓN DE TÍTULO
Título Advanced office systems /
Mención de responsabilidad, etc. Allen N. Smith, Wilma Jean Alexander, Donald B. Medley.
260 ## - PUBLICACIÓN, DISTRIBUCIÓN, ETC.
Lugar de publicación, distribución, etc. Cincinnati :
Nombre del editor, distribuidor, etc. South-Western Pub. Co.,
Fecha de publicación, distribución, etc. 1986--.
300 ## - DESCRIPCIÓN FÍSICA
Extensión 620 p. :
Otras características físicas il. ;
Dimensiones 28 cm.
590 ## - NOTA LOCAL (RLIN)
Nota local Inventariado, 2019 /LP
700 1# - PUNTO DE ACCESO ADICIONAL--NOMBRE DE PERSONA
Nombre de persona Jean Alexander, Wilma
9 (RLIN) 67910
Existencias
Estado de retiro Estado de pérdida Restricciones de uso No para préstamo Código de colección Localización permanente Ubicación/localización actual Ubicación en estantería Fecha de adquisición Número de inventario Total de préstamos Signatura topográfica completa Código de barras Fecha visto por última vez Precio válido a partir de Tipo de ítem Koha
      Excluido de préstamo Monografías: Libros y Folletos General General Depósito 30.09.2013 LF1   nnn nnn 41291-10 25.06.2020 25.06.2020 No se presta

Con tecnología Koha